Réseau Stan - Arrêts de bus du Grand Nancy - Statistiques

Statistiques générales
  • Ce quiz a été pris 223 fois
    218 depuis la dernière actualisation
  • Le résultat moyen est 21 sur 161
Statistiques - réponses
Arrêts % Correct
Nancy Gare
48%
Charles III
39%
Place des Vosges
38%
Poirel
38%
Vélodrome
38%
Saint Sébastien
36%
ARTEM
32%
Essey Mouzimpré
31%
Saint Léon
30%
Garenne
28%
Tour Thiers Gare
28%
Place Stanislas Dom Calmet
26%
Division de Fer
25%
Houdemont Porte Sud
25%
Nations
25%
Place des Justes
25%
Vic
23%
Commanderie
22%
Parc
22%
Quartier Saint Nicolas
22%
Bibliothèque
20%
Joffre Gare
20%
Laxou Sapinière
20%
Nancy Thermal
20%
Villers Campus Sciences
20%
Campus Lettres
19%
Médreville
19%
Norvège
19%
Varsovie
19%
Parc de Saurupt
18%
Houdemont Gare
17%
Laneuveville Piscine
17%
Laxou Champ le Boeuf
17%
Pichon
17%
Préville
17%
Provinces
17%
Vandoeuvre CHU Brabois
17%
Vandoeuvre Marché
17%
Cristalleries
16%
Europe
16%
Loritz
16%
Poincaré
16%
Villers Mairie
16%
Wilson
16%
Gérard Barrois
15%
La Meurthe
15%
Painlevé
15%
Rodin
15%
Angleterre
14%
Faisanderie
14%
Fraternité
14%
Jarville Mairie
14%
Laneuveville Centre
14%
Saint Georges
14%
Saint Julien
14%
Seichamps Haie Cerlin
14%
Essey Roosevelt
13%
Le Reclus
13%
Oudinot
13%
Tronc qui Fume
13%
Forêt de Haye
12%
Jeanne d'Arc
12%
Kehl
12%
Mareville
12%
Mouzimpré
12%
Paul Muller
12%
Saint André
12%
Victoire
12%
Cèdre Bleu
11%
Clinique Pasteur
11%
Montée de Pinchard
11%
Sainte Colette
11%
UFR Staps
11%
Cyfflé
10%
Erables
10%
La Côte
10%
Amsterdam
9%
Austrasie
9%
Boufflers
9%
Briand
9%
Chemin Blanc
9%
Edith Piaf
9%
Hardeval
9%
Joseph Laurent
9%
Marquette
9%
Patton
9%
Place Aimé Morot
9%
Place Godefroy de Bouillon
9%
Saint Livier
9%
Santifontaine
9%
Washington Foch
9%
Alix Le Clerc
8%
Charles de Gaulle
8%
Colonies
8%
Kléber
8%
Achille Lévy
7%
Cliniques
7%
Domaine Sainte Anne
7%
Georges de la Tour
7%
Grande Corvée
7%
Gridel
7%
Hôpital Central Maternité
7%
Jarville République
7%
Les Ombelles
7%
Messier
7%
Place de Londres
7%
Porte Verte
7%
Seichamps Eglise
7%
Viray
7%
Voltaire
7%
Alsace Bonsecours
6%
Blés d'Or
6%
Cascade La Fontaine
6%
Collège Goncourt
6%
Domrémy
6%
Jardin Roussel
6%
Mermoz
6%
Palais des Sports Gentilly
6%
Quartier Kléber
6%
Route d'Heillecourt
6%
Saint Exupéry
6%
Beauregard Saint Anne
5%
L'Atelier
5%
Les Mûriers
5%
Mulhouse
5%
Observatoire
5%
Saint Jacques II
5%
Vezouze
5%
69ème RI
4%
Croix Saint Claude
4%
Donon
4%
Gabriel Fauré
4%
Gébhart
4%
Jardiniers
4%
La Poste Champ le Boeuf
4%
Nancy Tilleul Argenté
4%
Place Charles III Point Central
4%
Renaissance
4%
Sainte Valdrée
4%
Sivry
4%
Vair
4%
Chateau de Montaigu
3%
Moselotte
3%
Nancy Jean Lamour
3%
Sarre
3%
Dupont des Loges
2%
Maréchal Juin
2%
Chevert
1%
Aucun quiz correspondant
Distribution des résultats
% des personnes avec chaque résultat
Percentile par nombre de réponses
Votre historique - résultats
Vous n’avez pas pris ce quiz depuis la dernière actualisation